Decisiones financieras bajo incertidumbre : (Registro nro. 6124)

Detalles MARC
000 -LEADER
fixed length control field 01639nam a2200301Ia 4500
003 - CONTROL NUMBER IDENTIFIER
control field OSt
005 - DATE AND TIME OF LATEST TRANSACTION
control field 20201117144320.0
008 - FIXED-LENGTH DATA ELEMENTS--GENERAL INFORMATION
fixed length control field 191128s2010 ck a gr 000 0 spa d
020 ## - INTERNATIONAL STANDARD BOOK NUMBER
International Standard Book Number 9789588060934
040 0# - CATALOGING SOURCE
Original cataloging agency CO-JMCR
Transcribing agency CO-JMCR
041 0# - LANGUAGE CODE
Language code of text/sound track or separate title spa
082 04 - DEWEY DECIMAL CLASSIFICATION NUMBER
Classification number 658.4033 /
Item number A532d
Edition number 23
100 1# - MAIN ENTRY--PERSONAL NAME
Personal name Ángel Díaz, Pedro María,
Relator term autor
9 (RLIN) 12345
245 10 - TITLE STATEMENT
Title Decisiones financieras bajo incertidumbre :
Remainder of title apoyadas en las herramientas financieras y estadísticas de excel /
Statement of responsibility, etc. Pedro María Ángel Díaz, Juan Carlos Santacruz Martínez
250 ## - EDITION STATEMENT
Edition statement Primera edición
260 ## - PUBLICATION, DISTRIBUTION, ETC.
Place of publication, distribution, etc. Bogotá :
Name of publisher, distributor, etc. Escuela Colombiana de Ingeniería,
Date of publication, distribution, etc. 2010
300 ## - PHYSICAL DESCRIPTION
Extent xviii, 414 páginas :
Other physical details diagramas, gráficos a blanco y negro ;
Dimensions 25 cm.
490 0# - SERIES STATEMENT
Series statement Desarrollo Empresarial
500 ## - GENERAL NOTE
General note Incluye glosario, notas a pie de páginas y datos biográficos en solapa.
504 ## - BIBLIOGRAPHY, ETC. NOTE
Bibliography, etc. note Bibliografía: páginas 413-414.
505 0# - FORMATTED CONTENTS NOTE
Formatted contents note Factores macroeconómicos que generan incertidumbre en las decisiones de inversión -- Valor del dinero en el tiempo -- La tasa de interés como parte integral de las decisiones de inversión y financiación -- Series de pago -- Evaluación financiera de proyec
520 0# - SUMMARY, ETC.
Summary, etc. Las inversiones, y sus posibles resultados, hacen que el común de la gente dibuje en su mente dos palabras: éxito o fracaso. Esto se origina en la falta de conocimiento adecuado, por ende las decisiones se toman por olfato o corazonada.
650 24 - SUBJECT ADDED ENTRY--TOPICAL TERM
Topical term or geographic name entry element Incertidumbre
9 (RLIN) 12346
650 24 - SUBJECT ADDED ENTRY--TOPICAL TERM
Topical term or geographic name entry element Toma de decisiones
9 (RLIN) 283
650 24 - SUBJECT ADDED ENTRY--TOPICAL TERM
Topical term or geographic name entry element Análisis financiero
9 (RLIN) 11294
700 1# - ADDED ENTRY--PERSONAL NAME
Personal name Santacruz, Martínez, Juan Carlos,
Relator term autor
9 (RLIN) 12347
942 ## - ADDED ENTRY ELEMENTS (KOHA)
Source of classification or shelving scheme Dewey Decimal Classification
Koha item type Books
Existencias
Withdrawn status Lost status Source of classification or shelving scheme Materials specified (bound volume or other part) Damaged status Not for loan Home library Current library Shelving location Date acquired Source of acquisition Coded location qualifier Total Checkouts Full call number Barcode Date last seen Date last checked out Copy number Price effective from Koha item type
    Dewey Decimal Classification Donación--15/04/2018--     Biblioteca Pública José María del Castillo y Rada Biblioteca Pública José María del Castillo y Rada General Stacks 11/28/2019 Donación $0. 1 658.4033 / A532d 430012060 09/19/2024 09/18/2024 Ej.1 11/28/2019 Books